NLSUI OPAC header image

Smith, hogan and ormerod's criminal law / (Record no. 217932)

MARC details
000 -LEADER
fixed length control field 03863cam a22003375i 4500
001 - CONTROL NUMBER
control field 23723191
005 - DATE AND TIME OF LATEST TRANSACTION
control field 20260410050644.0
008 - FIXED-LENGTH DATA ELEMENTS--GENERAL INFORMATION
fixed length control field 240607s2024 nyu 000 0 eng
010 ## - LIBRARY OF CONGRESS CONTROL NUMBER
LC control number 2024940232
020 ## - INTERNATIONAL STANDARD BOOK NUMBER
International Standard Book Number 9780198890942
Qualifying information (paperback)
035 ## - SYSTEM CONTROL NUMBER
System control number 23723191
040 ## - CATALOGING SOURCE
Original cataloging agency DLC
Language of cataloging eng
Description conventions rda
Transcribing agency DLC
042 ## - AUTHENTICATION CODE
Authentication code pcc
082 ## - DEWEY DECIMAL CLASSIFICATION NUMBER
Classification number 345 SMI
100 1# - MAIN ENTRY--PERSONAL NAME
Personal name Ormerod, David,
Relator term author.
245 10 - TITLE STATEMENT
Title Smith, hogan and ormerod's criminal law /
Statement of responsibility, etc. David Ormerod, Karl Laird, Matthew Gibson.
250 ## - EDITION STATEMENT
Edition statement 17th.
263 ## - PROJECTED PUBLICATION DATE
Projected publication date 2409
264 #1 - PRODUCTION, PUBLICATION, DISTRIBUTION, MANUFACTURE, AND COPYRIGHT NOTICE
Place of production, publication, distribution, manufacture New York :
Name of producer, publisher, distributor, manufacturer Oxford University Press,
Date of production, publication, distribution, manufacture, or copyright notice 2024.
300 ## - PHYSICAL DESCRIPTION
Extent lxvii, 1195 pages;
Dimensions 25 cm.
336 ## - CONTENT TYPE
Content type term text
Content type code txt
Source rdacontent
365 ## - TRADE PRICE
Price amount Rs. 6241.00
505 ## - FORMATTED CONTENTS NOTE
Formatted contents note PART I. General Principles:<br/>1:An introduction to criminal law -<br/>2:The elements of a crime: actus reus -<br/>3:The elements of a crime: mens rea -<br/>4:Crimes of negligence -<br/>5:Crimes of strict liability -<br/>6:Parties to crime -<br/>7:Assistance after the offence -<br/>8:Corporate and vicarious liability -<br/>9:Mental conditions, intoxication and mistake -<br/>10:General defences -<br/>11:Inchoate crime -<br/>PART II. Particular Crimes:<br/>12:Murder -<br/>13:Voluntary manslaughter -<br/>14:Involuntary manslaughter -<br/>15:Further homicide and related offences -<br/>16:Non-fatal offences against the person -<br/>17:Sexual offences -<br/>18:Theft -<br/>19:Robbery -<br/>20:Offences of temporary deprivation -<br/>21:Making off without payment -<br/>22:The Fraud Act 2006 -<br/>23:Other offences involving fraud -<br/>24:Blackmail and related offences -<br/>25:Burglary and related offences -<br/>26:Handling and related offences -<br/>27:Offences of damage to property -<br/>28:Computer misuse offences (additional chapter) -<br/>29:Forgery (additional chapter) -<br/>30:Obscene communication and publication offences (additional chapter) -<br/>31:Offences against public order (additional chapter) -<br/>32:Selected road traffic offences (additional chapter) -<br/>33:Money laundering (additional chapter) -<br/>34:Offensive weapons (additional chapter).
520 ## - SUMMARY, ETC.
Summary, etc. Smith, Hogan, & Ormerod's Criminal Law is the most authoritative and respected criminal law textbook from the leading minds in the field. The book owes its consistent popularity to its depth of analysis, breadth of coverage, and accessible style.<br/>Over fifty years since the publication of the first edition, Professor David Ormerod, Karl Laird and Dr Matthew Gibson continue the tradition set down by Professors Sir John Smith and Brian Hogan by producing a textbook of unrivalled quality. The text continues to be an invaluable resource for undergraduate students and an essential reference source for criminal law practitioners.<br/>Key features<br/>- Regarded as the 'bible' of the subject, this first-class textbook offers a highly authoritative account of criminal law, and is frequently cited in court<br/>- A detailed exposition of the general principles of criminal law, helping students to understand this complex subject<br/>- Discussion of important academic literature is woven into each chapter helping to give a rounded understanding of the subject<br/>- Also available as an e-book with functionality, navigation features, and links that offer extra learning support<br/>New to this edition<br/>- Key legislation updates including the PCSC Act 2022, Public Order Act 2023, Online Safety Act 2023, and Economic Crime and Corporate Transparency Act 2023. - Latest cases and developments, including Omar on assisting an offender, Thacker on necessity, Keal and Usman on insanity, Hunter on conspiracy to defraud, Groome on unlawful act manslaughter, HSK v CPS on racially aggravated offences, Ames on fraud, and AG Ref No 1 of 2022 on criminal damage
650 ## - SUBJECT ADDED ENTRY--TOPICAL TERM
Topical term or geographic name entry element Criminal Law
700 1# - ADDED ENTRY--PERSONAL NAME
Personal name Laird, Karl,
Relator term author.
700 1# - ADDED ENTRY--PERSONAL NAME
Personal name Gibson, Matthew,
Relator term author.
906 ## - LOCAL DATA ELEMENT F, LDF (RLIN)
a 0
b ibc
c orignew
d 2
e epcn
f 20
g y-gencatlg
942 ## - ADDED ENTRY ELEMENTS (KOHA)
Source of classification or shelving scheme Dewey Decimal Classification
Koha item type BOOKs
Holdings
Withdrawn status Lost status Source of classification or shelving scheme Materials specified (bound volume or other part) Damaged status Not for loan Home library Current library Shelving location Date acquired Source of acquisition Cost, normal purchase price Total Checkouts Full call number Barcode Date last seen Price effective from Koha item type Public note
    Dewey Decimal Classification PB     . . Circulation Counter 10.04.2026 Purchased - Educational Supplies 6241.00   345 SMI-1 40806 10.04.2026 10.04.2026 BOOKs Recommended by Prof. Dr. Mrinal Satish
    Dewey Decimal Classification PB     . . Circulation Counter 10.04.2026 Purchased - Educational Supplies 6241.00   345 SMI-2 40807 10.04.2026 10.04.2026 BOOKs Recommended by Dr. Nagarathna A